<?xml version="1.0" encoding="UTF-8"?>
<record
    xmlns:xsi="http://www.w3.org/2001/XMLSchema-instance"
    xsi:schemaLocation="http://www.loc.gov/MARC21/slim http://www.loc.gov/standards/marcxml/schema/MARC21slim.xsd"
    xmlns="http://www.loc.gov/MARC21/slim">

  <leader>00964nam a2200229 a 4500</leader>
  <controlfield tag="001">83918</controlfield>
  <controlfield tag="003">BD-RjUL</controlfield>
  <controlfield tag="005">20240626123844.0</controlfield>
  <controlfield tag="008">240626s1966    bg ||||| |||| 00| 0 ben d</controlfield>
  <datafield tag="035" ind1=" " ind2=" ">
    <subfield code="a">(BD-RjUL)83918</subfield>
  </datafield>
  <datafield tag="040" ind1=" " ind2=" ">
    <subfield code="a">BD-RjUL</subfield>
    <subfield code="b">eng</subfield>
    <subfield code="c">BD-RjUL</subfield>
  </datafield>
  <datafield tag="041" ind1=" " ind2=" ">
    <subfield code="a">ben</subfield>
  </datafield>
  <datafield tag="082" ind1=" " ind2=" ">
    <subfield code="a">818.5209</subfield>
    <subfield code="b">GUA 1966</subfield>
  </datafield>
  <datafield tag="100" ind1=" " ind2=" ">
    <subfield code="a">&#x997;&#x9C1;&#x9B0;&#x9CD;&#x995;&#x9CB;, &#x9AE;&#x9BF;&#x9B0;&#x9BF;&#x9AF;&#x9BC;&#x9BE;&#x9AE; </subfield>
    <subfield code="9">13347</subfield>
  </datafield>
  <datafield tag="245" ind1=" " ind2=" ">
    <subfield code="a">&#x985;&#x9B6;&#x9BE;&#x9A8;&#x9CD;&#x9A4; &#x986;&#x9A4;&#x9CD;&#x9AE;&#x9BE; / </subfield>
    <subfield code="c">&#x9AE;&#x9BF;&#x9B0;&#x9BF;&#x9AF;&#x9BC;&#x9BE;&#x9AE; &#x997;&#x9C1;&#x9B0;&#x9CD;&#x995;&#x9CB;;  &#x985;&#x9A8;&#x9C1;&#x9AC;&#x9BE;&#x9A6; &#x9AE;&#x9C0;&#x9B0; &#x986;&#x9AC;&#x9C1; &#x9B8;&#x9BE;&#x9B2;&#x9C7;&#x995;</subfield>
  </datafield>
  <datafield tag="260" ind1=" " ind2=" ">
    <subfield code="a">&#x99A;&#x99F;&#x9CD;&#x99F;&#x997;&#x9CD;&#x9B0;&#x9BE;&#x9AE; :</subfield>
    <subfield code="b">&#x9AA;&#x9BF;&#x9AA;&#x9B2;&#x9B8; &#x9AA;&#x9BE;&#x9AC;&#x9B2;&#x9BF;&#x995;&#x9C7;&#x9B6;&#x9A8;&#x9CD;&#x9B8;,</subfield>
    <subfield code="c">&#x9E7;&#x9EF;&#x9EC;&#x9EC;</subfield>
  </datafield>
  <datafield tag="300" ind1=" " ind2=" ">
    <subfield code="a">&#x9E7;&#x9ED;&#x9E9; &#x9AA;&#x9C3;.;</subfield>
    <subfield code="c">&#x9E7;&#x9EF; &#x9B8;&#x9C7;&#x9AE;&#x9BF;.</subfield>
  </datafield>
  <datafield tag="600" ind1=" " ind2=" ">
    <subfield code="a">&#x9AE;&#x9BF;&#x9B2;&#x9BE;&#x9AF;&#x9BC;, &#x98F;&#x9A1;&#x9A8;&#x9BE; &#x9B8;&#x9C7;&#x9A8;&#x9CD;&#x99F; &#x9AD;&#x9BF;&#x9A8;&#x9B8;&#x9C7;&#x9A8;&#x9CD;&#x99F;,</subfield>
    <subfield code="d">&#x9E7;&#x9EE;&#x9EF;&#x9E8;-&#x9E7;&#x9EF;&#x9EB;&#x9E6;</subfield>
    <subfield code="9">13348</subfield>
  </datafield>
  <datafield tag="600" ind1=" " ind2=" ">
    <subfield code="a">Millay, Edna St. Vincent, </subfield>
    <subfield code="d">1892-1950</subfield>
    <subfield code="9">13349</subfield>
  </datafield>
  <datafield tag="700" ind1=" " ind2=" ">
    <subfield code="a">&#x9B8;&#x9BE;&#x9B2;&#x9C7;&#x995;, &#x9AE;&#x9C0;&#x9B0; &#x986;&#x9AC;&#x9C1; </subfield>
    <subfield code="9">13350</subfield>
  </datafield>
  <datafield tag="942" ind1=" " ind2=" ">
    <subfield code="2">ddc</subfield>
    <subfield code="c">BK</subfield>
  </datafield>
  <datafield tag="999" ind1=" " ind2=" ">
    <subfield code="c">83918</subfield>
    <subfield code="d">83918</subfield>
  </datafield>
  <datafield tag="952" ind1=" " ind2=" ">
    <subfield code="0">0</subfield>
    <subfield code="1">0</subfield>
    <subfield code="2">ddc</subfield>
    <subfield code="4">0</subfield>
    <subfield code="7">1</subfield>
    <subfield code="8">NFIC</subfield>
    <subfield code="a">RUCL</subfield>
    <subfield code="b">RUCL</subfield>
    <subfield code="c">Reading</subfield>
    <subfield code="d">2024-06-26</subfield>
    <subfield code="l">0</subfield>
    <subfield code="o">B 818.5209 GUA 1966</subfield>
    <subfield code="r">2024-06-26 00:00:00</subfield>
    <subfield code="t">C-1</subfield>
    <subfield code="w">2024-06-26</subfield>
    <subfield code="y">BK</subfield>
  </datafield>
</record>
